Largest Empires by Economy - Statistics

General Stats
  • This quiz has been taken 378 times
  • The average score is 2 of 5
Answer Stats
Rank Empire % Correct
5 United States of America
67%
4 British Empire
64%
1 Roman Empire
49%
3 Mughal Empire
23%
2 Song Dynasty
4%
No matching quizzes found
Score Distribution
Percent of People with Each Score
Percentile by Number Answered
Your Score History
You have not taken this quiz